<?xml version="1.0" encoding="UTF-8"?>
<record
    xmlns:xsi="http://www.w3.org/2001/XMLSchema-instance"
    xsi:schemaLocation="http://www.loc.gov/MARC21/slim http://www.loc.gov/standards/marcxml/schema/MARC21slim.xsd"
    xmlns="http://www.loc.gov/MARC21/slim">

  <leader>01646nam2a2200277 i 4500</leader>
  <controlfield tag="001">RU\NLR\BIBL_A\010664450</controlfield>
  <controlfield tag="005">20240921173606.0</controlfield>
  <datafield tag="010" ind1=" " ind2=" ">
    <subfield code="a">9785928211004</subfield>
    <subfield code="b">&#x447;.2</subfield>
    <subfield code="9">500</subfield>
  </datafield>
  <datafield tag="021" ind1=" " ind2=" ">
    <subfield code="a">RU</subfield>
    <subfield code="b">2014-89545</subfield>
    <subfield code="9">5441</subfield>
  </datafield>
  <datafield tag="035" ind1=" " ind2=" ">
    <subfield code="a">(NLR Aleph) 010664450</subfield>
  </datafield>
  <datafield tag="090" ind1=" " ind2=" ">
    <subfield code="a">9580330</subfield>
    <subfield code="c">9580330</subfield>
  </datafield>
  <datafield tag="100" ind1=" " ind2=" ">
    <subfield code="a">20150203d2014    k  y0rusy50      ca</subfield>
  </datafield>
  <datafield tag="101" ind1="0" ind2=" ">
    <subfield code="a">rus</subfield>
  </datafield>
  <datafield tag="102" ind1=" " ind2=" ">
    <subfield code="a">RU</subfield>
  </datafield>
  <datafield tag="105" ind1=" " ind2=" ">
    <subfield code="a">a|||z|||001yy</subfield>
  </datafield>
  <datafield tag="200" ind1="1" ind2=" ">
    <subfield code="a">&#x425;&#x438;&#x43C;&#x438;&#x44F; &#x43A;&#x43E;&#x43C;&#x43F;&#x43E;&#x43D;&#x435;&#x43D;&#x442;&#x43E;&#x432; &#x43D;&#x435;&#x43E;&#x440;&#x433;&#x430;&#x43D;&#x438;&#x447;&#x435;&#x441;&#x43A;&#x438;&#x445; &#x432;&#x44F;&#x436;&#x443;&#x449;&#x438;&#x445; &#x432;&#x435;&#x449;&#x435;&#x441;&#x442;&#x432;</subfield>
    <subfield code="a">&#x425;&#x438;&#x43C;&#x438;&#x44F; &#x43D;&#x435;&#x43E;&#x440;&#x433;&#x430;&#x43D;&#x438;&#x447;&#x435;&#x441;&#x43A;&#x438;&#x445; &#x432;&#x44F;&#x436;&#x443;&#x449;&#x438;&#x445; &#x432;&#x435;&#x449;&#x435;&#x441;&#x442;&#x432;</subfield>
  </datafield>
  <datafield tag="210" ind1=" " ind2=" ">
    <subfield code="d">2014</subfield>
  </datafield>
  <datafield tag="215" ind1=" " ind2=" ">
    <subfield code="a">123 &#x441;.</subfield>
    <subfield code="c">&#x438;&#x43B;.</subfield>
  </datafield>
  <datafield tag="320" ind1=" " ind2=" ">
    <subfield code="a">&#x411;&#x438;&#x431;&#x43B;&#x438;&#x43E;&#x433;&#x440;.: &#x441;. 120-123 (59 &#x43D;&#x430;&#x437;&#x432;.)</subfield>
  </datafield>
  <datafield tag="461" ind1=" " ind2="0">
    <subfield code="1">001RU\NLR\BIBL_A\010681200</subfield>
    <subfield code="1">2000#$a&#x425;&#x438;&#x43C;&#x438;&#x44F; &#x432; &#x441;&#x442;&#x440;&#x43E;&#x438;&#x442;&#x435;&#x43B;&#x44C;&#x441;&#x442;&#x432;&#x435;$f&#x412;.&#x41D;. &#x412;&#x435;&#x440;&#x43D;&#x438;&#x433;&#x43E;&#x440;&#x43E;&#x432;&#x430;, &#x41A;.&#x41D;. &#x41C;&#x430;&#x445;&#x430;&#x43C;&#x431;&#x435;&#x442;&#x43E;&#x432;&#x430;$g&#x41C;-&#x432;&#x43E; &#x43E;&#x431;&#x440;&#x430;&#x437;&#x43E;&#x432;&#x430;&#x43D;&#x438;&#x44F; &#x438; &#x43D;&#x430;&#x443;&#x43A;&#x438; &#x420;&#x43E;&#x441;. &#x424;&#x435;&#x434;&#x435;&#x440;&#x430;&#x446;&#x438;&#x438;, &#x424;&#x435;&#x434;&#x435;&#x440;. &#x433;&#x43E;&#x441;. &#x431;&#x44E;&#x434;&#x436;&#x435;&#x442;. &#x43E;&#x431;&#x440;&#x430;&#x437;&#x43E;&#x432;&#x430;&#x442;. &#x443;&#x447;&#x440;&#x435;&#x436;&#x434;&#x435;&#x43D;&#x438;&#x435; &#x432;&#x44B;&#x441;&#x448;. &#x43F;&#x440;&#x43E;&#x444;. &#x43E;&#x431;&#x440;&#x430;&#x437;&#x43E;&#x432;&#x430;&#x43D;&#x438;&#x44F; "&#x41F;&#x435;&#x43D;&#x437;. &#x433;&#x43E;&#x441;. &#x443;&#x43D;-&#x442; &#x430;&#x440;&#x445;&#x438;&#x442;&#x435;&#x43A;&#x442;&#x443;&#x440;&#x44B; &#x438; &#x441;&#x442;&#x440;-&#x432;&#x430;" (&#x41F;&#x413;&#x423;&#x410;&#x421;)$v&#x427;. 2</subfield>
    <subfield code="1">700#1$a&#x412;&#x435;&#x440;&#x43D;&#x438;&#x433;&#x43E;&#x440;&#x43E;&#x432;&#x430;$b&#x412;. &#x41D;.$g&#x412;&#x435;&#x440;&#x430; &#x41D;&#x438;&#x43A;&#x438;&#x444;&#x43E;&#x440;&#x43E;&#x432;&#x43D;&#x430;</subfield>
    <subfield code="9">9647555</subfield>
    <subfield code="a">&#x412;&#x435;&#x440;&#x43D;&#x438;&#x433;&#x43E;&#x440;&#x43E;&#x432;&#x430;, &#x412;. &#x41D;.</subfield>
    <subfield code="c">&#x41F;&#x435;&#x43D;&#x437;&#x430;</subfield>
    <subfield code="d">2014</subfield>
    <subfield code="f">&#x412;.&#x41D;. &#x412;&#x435;&#x440;&#x43D;&#x438;&#x433;&#x43E;&#x440;&#x43E;&#x432;&#x430;, &#x41A;.&#x41D;. &#x41C;&#x430;&#x445;&#x430;&#x43C;&#x431;&#x435;&#x442;&#x43E;&#x432;&#x430;</subfield>
    <subfield code="n">&#x418;&#x437;&#x434;-&#x432;&#x43E; &#x41F;&#x413;&#x423;&#x410;&#x421;</subfield>
    <subfield code="t">&#x425;&#x438;&#x43C;&#x438;&#x44F; &#x432; &#x441;&#x442;&#x440;&#x43E;&#x438;&#x442;&#x435;&#x43B;&#x44C;&#x441;&#x442;&#x432;&#x435;</subfield>
    <subfield code="y">9785928210915</subfield>
    <subfield code="v">&#x427;. 2</subfield>
  </datafield>
  <datafield tag="606" ind1="1" ind2=" ">
    <subfield code="a">&#x412;&#x44F;&#x436;&#x443;&#x449;&#x438;&#x435; &#x441;&#x442;&#x440;&#x43E;&#x438;&#x442;&#x435;&#x43B;&#x44C;&#x43D;&#x44B;&#x435; &#x43C;&#x430;&#x442;&#x435;&#x440;&#x438;&#x430;&#x43B;&#x44B; &#x43D;&#x435;&#x43E;&#x440;&#x433;&#x430;&#x43D;&#x438;&#x447;&#x435;&#x441;&#x43A;&#x438;&#x435;</subfield>
    <subfield code="x">&#x425;&#x438;&#x43C;&#x438;&#x44F;</subfield>
    <subfield code="9">2536032</subfield>
    <subfield code="3">RU\NLR\AUTH\661501810</subfield>
  </datafield>
  <datafield tag="686" ind1="1" ind2=" ">
    <subfield code="a">&#x41B;45</subfield>
  </datafield>
  <datafield tag="942" ind1=" " ind2=" ">
    <subfield code="c">BOOK</subfield>
  </datafield>
  <datafield tag="980" ind1=" " ind2=" ">
    <subfield code="a">NBR</subfield>
  </datafield>
</record>
